Memorias del foro
| Autor Corporativo: | |
|---|---|
| Formato: | Conference Proceeding Livro |
| Idioma: | espanhol |
| Publicado em: |
Sonora, México :
La Universidad,
1999
|
| Assuntos: |
MARC
| LEADER | 00000nam a2200000Ia 4500 | ||
|---|---|---|---|
| 008 | 161005b1999 mx ||||| |||| 00| | spa d | ||
| 020 | |a 9687713879 | ||
| 090 | |a 12.06.01 |b 650 | ||
| 111 | 2 | |a Foro Nacional de Educación y Nuevas Tecnologías (Sonora, México : 1999) |9 2052 | |
| 245 | 1 | 0 | |a Memorias del foro |
| 260 | |a Sonora, México : |b La Universidad, |c 1999 | ||
| 300 | |a 313 páginas | ||
| 650 | 1 | 4 | |a NUEVA TECNOLOGÍA |9 2053 |
| 650 | 1 | 4 | |a EDUCACION |
| 650 | 1 | 4 | |a CONFERENCIA |9 506 |
| 942 | |i 001013 |h 12.06.01 650 |2 z |c 01 | ||
| 999 | |c 410 |d 410 | ||
